A mine of opportunities (Record no. 109015)

MARC details
000 -LEADER
fixed length control field 02657cad a22002535a 4500
001 - CONTROL NUMBER
control field L146000
008 - FIXED-LENGTH DATA ELEMENTS--GENERAL INFORMATION
fixed length control field 081201e20081127xxkabd f s f000 0 eng d
020 ## - INTERNATIONAL STANDARD BOOK NUMBER
International Standard Book Number 1862405581
035 ## - SYSTEM CONTROL NUMBER
System control number (Sirsi) u146000
041 0# - LANGUAGE CODE
Language code of text/sound track or separate title eng
050 04 - LIBRARY OF CONGRESS CALL NUMBER
Classification number 338.272 $2 18
110 2# - MAIN ENTRY--CORPORATE NAME
Corporate name or jurisdiction name as entry element United Kingdom
Subordinate unit Audit Commission
9 (RLIN) 3863
245 02 - TITLE STATEMENT
Title A mine of opportunities
Remainder of title local authorities and the regeneration of the English coalfields
Medium [electronic resource]
260 ## - PUBLICATION, DISTRIBUTION, ETC.
Place of publication, distribution, etc. London
Name of publisher, distributor, etc. Audit Commission
Date of publication, distribution, etc. 2008
505 2# - FORMATTED CONTENTS NOTE
Formatted contents note Introduction: research scope; structure of the report -- Progress on coalfield regeneration: physical regeneration; economic regeneration; social regeneration; conclusion -- Linking jobs and worklessness: who is taking up the new jobs?; local variation in how jobs are filled; diminishing returns?; making links is the key to success; conclusion -- Explaining local variation, factors that affect regeneration outcomes: grouping authorities with similar outcomes; national policy and funding; local advantages and disadvantages; variable results on reducing unemployment; evidence of local authority impact; conclusion -- Learning from experience, good practice in local authorities: the local authority learning curve; LA policy in action, how to deliver better outcomes; transferability of good practice; conclusion -- Conclusions, time for a new approach?: new challenges and contexts; a new challenge for local authorities; are the coalfields still a distinct issue?
505 2# - FORMATTED CONTENTS NOTE
Formatted contents note Appendices: coalfield authorities and other bodies in the study; methodology for local labour market accounts; classification of local authorities; a brief history of national support for the coalfields; targeting and impact of national spending on coalfields; labour markets are sub-regional
520 ## - SUMMARY, ETC.
Summary, etc. Report looks at a decade of regeneration in England's former coalfields. Renewal and growth have both been evident, with local authorities making considerable progress in greening affected areas. New homes have also been created and jobs have been created, although some former employees on the coalfields have been left behind. Suggests that further funding is required to tackle remaining problems in these areas, including poor health and education, leading to low skills and lack of motivation.
521 ## - TARGET AUDIENCE NOTE
Target audience note Advanced
590 ## - LOCAL NOTE (RLIN)
Local note KA
651 #4 - SUBJECT ADDED ENTRY--GEOGRAPHIC NAME
Geographic name England
Chronological subdivision 886-
690 ## - LOCAL SUBJECT ADDED ENTRY--TOPICAL TERM (OCLC, RLIN)
Topical term or geographic name as entry element PROPERTY-PROPERTY MANAGEMENT-REGENERATION
856 40 - ELECTRONIC LOCATION AND ACCESS
Uniform Resource Identifier <a href="https://www.audit-commission.gov.uk/SiteCollectionDocuments/AuditCommissionReports/NationalStudies/20081127amineofopportunitiessummary.pdf">https://www.audit-commission.gov.uk/SiteCollectionDocuments/AuditCommissionReports/NationalStudies/20081127amineofopportunitiessummary.pdf</a>
Public note View the item free of charge online at www.audit-commission.gov.uk...
942 ## - ADDED ENTRY ELEMENTS (KOHA)
Suppress in OPAC 0
Holdings
Withdrawn status Lost status Source of classification or shelving scheme Damaged status Not for loan Home library Current library Shelving location Date acquired Total Checkouts Full call number Barcode Date last seen Copy number Price effective from Koha item type
    Dewey Decimal Classification     Virtual Virtual Online 01/12/2008   ONLINE PUBLICATION 146000-1001 06/08/2019 1 06/08/2019 Book